[Event "1. liga - V 17/18, SM-Gordic"]
[Site ""]
[Date "2017.11.26"]
[Round "3.8"]
[White "Brychta, David"]
[Black "Mrkus, Frantisek"]
[Result "0-1"]
[WhiteElo "2165"]
[BlackElo "1980"]
[PlyCount "0"]
[WhiteTeam "SK Gordic"]
[BlackTeam "SK Stare Mesto"]
[EventDate "2017.10.22"]

1. Nf3 Nf6 2. g3 d5 3. Bg2 Bg4 4. c4 e6 5. O-O c6 6. b3 Bd6 7. Bb2 Nbd7 8. d4
Qc7 9. Nc3 h6 10. Rc1 a6 11. Nd2 Qa5 12. a3 O-O 13. b4 Qd8 14. Qb3 Bb8 15. f3
Bh5 16. e4 Nb6 17. exd5 exd5 18. c5 Nbd7 19. Rce1 Re8 20. Nd1 Ba7 21. Nf2 b5
22. Nd3 Bb8 23. Ne5 Nxe5 24. dxe5 Nd7 25. f4 Ra7 26. Qc3 f6 27. e6 Nf8 28. f5
Ree7 29. Nb3 Be8 30. Qd2 Nh7 31. Bc3 Bc7 32. Re3 Qb8 33. Rfe1 Bd8 34. Rd3 Rec7
35. Rd4 Be7 36. h4 Rc8 37. Qf2 Bd8 38. Rd3 Bc7 39. Rde3 Bd8 40. e7 Bc7 41. Kh2
Bf7 42. Qe2 Re8 43. Bh3 Qc8 44. Kg1 Bb8 45. Nd2 Rd7 46. Nf3 Bxg3 47. Nd4 Bxe1
48. Qxe1 Qc7 49. Rg3 Rdxe7 50. Ne6 Bxe6 51. fxe6 Qf4 52. Rg4 Qf3 53. Rg3 Qe4
54. Re3 Qc4 55. Bf1 Qg4+ 56. Rg3 Qxe6 57. Qf2 g5 58. Bd3 d4 59. Qxd4 Qa2 60.
Rf3 Rg7 61. h5 g4 62. Bxh7+ Rxh7 63. Rxf6 Qb1+ 64. Rf1 Qe4 65. Qf6 Qe6 66. Rf4
Qxf6 67. Bxf6 Kf7 68. Bd4+ Ke6 69. Rxg4 Kd5 70. Bf2 Re5 71. Rd4+ Ke6 72. Rd6+
Kf5 73. Rxc6 Re6 74. Rc8 Kg4 75. c6 Kxh5 76. c7 Rc6 77. Bg3 Rg7 78. Kh2 Rc2+
79. Kh3 Rc3 0-1

[Event "1. liga - V 17/18, Ostrava-BSS"]
[Site ""]
[Date "2017.11.26"]
[Round "3.1"]
[White "Klima, Lukas"]
[Black "Rojicek, Vojtech"]
[Result "1/2-1/2"]
[WhiteElo "2308"]
[BlackElo "2399"]
[PlyCount "0"]
[WhiteTeam "TJ Ostrava "A""]
[BlackTeam "BSS Frydek-Mistek "B""]
[EventDate "2017.10.22"]

1. e4 e6 2. d4 d5 3. Nc3 Nf6 4. Bg5 dxe4 5. Nxe4 Be7 6. Bxf6 gxf6 7. c4 f5 8.
Nc3 Bf6 9. Nf3 c5 10. d5 Bxc3+ 11. bxc3 Qf6 12. Qd2 O-O 13. Qg5+ Qxg5 1/2-1/2

[Event "1. liga - V 17/18, Ostrava-BSS"]
[Site ""]
[Date "2017.11.26"]
[Round "3.2"]
[White "Jasny, Stanislav"]
[Black "Koziol, Kamil"]
[Result "1-0"]
[WhiteElo "2362"]
[BlackElo "2311"]
[PlyCount "0"]
[WhiteTeam "BSS Frydek-Mistek "B""]
[BlackTeam "TJ Ostrava "A""]
[EventDate "2017.10.22"]

1. e4 c5 2. Nf3 d6 3. d4 cxd4 4. Nxd4 Nf6 5. Nc3 a6 6. Be3 e5 7. Nb3 Be6 8. f4
Nbd7 9. f5 Bxb3 10. axb3 d5 11. Nxd5 Nxe4 12. Qf3 Nd6 13. O-O-O Be7 14. g4 Rc8
15. Kb1 Nf6 16. Nxf6+ gxf6 17. g5 Qc7 18. c3 Qc6 19. Qxc6+ Rxc6 20. gxf6 Nxf5
21. Bf2 Bxf6 22. Bh3 {dále nečitelné, 1:0 po 42.tahu} 1-0

[Event "1. liga - V 17/18, Ostrava-BSS"]
[Site ""]
[Date "2017.11.26"]
[Round "3.3"]
[White "Malik, Jan"]
[Black "Vesselovsky, Serguei"]
[Result "1/2-1/2"]
[WhiteElo "2260"]
[BlackElo "2329"]
[PlyCount "0"]
[WhiteTeam "TJ Ostrava "A""]
[BlackTeam "BSS Frydek-Mistek "B""]
[EventDate "2017.10.22"]

1. e4 c5 2. Nf3 g6 3. d4 Bg7 4. Nc3 cxd4 5. Nxd4 Nc6 6. Be3 Nf6 7. Bc4 O-O 8.
Bb3 d6 9. h3 Bd7 10. O-O Rc8 11. f4 a6 12. Nf3 b5 13. e5 Ne8 14. Nd5 Rb8 15.
exd6 1/2-1/2

[Event "1. liga - V 17/18, Ostrava-BSS"]
[Site ""]
[Date "2017.11.26"]
[Round "3.4"]
[White "Rabatin, Jakub"]
[Black "Brecka, Ivan"]
[Result "1/2-1/2"]
[WhiteElo "2288"]
[BlackElo "2316"]
[PlyCount "0"]
[WhiteTeam "BSS Frydek-Mistek "B""]
[BlackTeam "TJ Ostrava "A""]
[EventDate "2017.10.22"]

1. e4 e5 2. Nf3 Nf6 3. d4 exd4 4. e5 Ne4 5. Qxd4 d5 6. exd6 Nxd6 7. Nc3 Nc6 8.
Qf4 Nf5 9. Nb5 Bb4+ 10. Bd2 Qe7+ 11. Be2 Bxd2+ 12. Qxd2 O-O 13. O-O-O Rd8 14.
Qc3 Be6 15. Bc4 a6 16. Bxe6 Qxe6 17. Nxc7 Qxa2 18. Qa3 Qxa3 19. bxa3 Rac8 20.
Rxd8+ Rxd8 21. Rd1 Rxd1+ 22. Kxd1 Kf8 23. Ng5 h6 24. Ne4 Ne5 25. Nc5 Nd6 26.
Ke2 Nec4 27. a4 Nb6 28. Kd3 Ke7 29. Kd4 Kd8 30. Nd5 Nf5+ 31. Ke5 Nxd5 32. Kxd5
Kc7 33. Nd3 Ne7+ 34. Kc4 Kd6 35. Nc5 Kc6 36. Nd3 Kd6 1/2-1/2

[Event "1. liga - V 17/18, Ostrava-BSS"]
[Site ""]
[Date "2017.11.26"]
[Round "3.5"]
[White "Ruzicka, Petr"]
[Black "Novosadova, Kristyna"]
[Result "1/2-1/2"]
[WhiteElo "2213"]
[BlackElo "2166"]
[PlyCount "0"]
[WhiteTeam "TJ Ostrava "A""]
[BlackTeam "BSS Frydek-Mistek "B""]
[EventDate "2017.10.22"]

1. Nf3 Nf6 2. d4 g6 3. g3 Bg7 4. Bg2 O-O 5. O-O d5 6. a4 c5 7. c3 cxd4 8. cxd4
Nc6 9. Nc3 Ne4 10. Be3 Nxc3 11. bxc3 b6 12. Bf4 Ba6 13. Re1 f5 14. Qd2 Re8 15.
Qe3 e6 16. Ne5 Rc8 17. Rec1 Na5 18. Rab1 Nc4 19. Nxc4 Rxc4 20. Ra1 Qd7 21. a5
b5 22. Be5 Rec8 23. Bxg7 Kxg7 24. Qe5+ Kf7 25. Bf1 Qc7 26. Qxc7+ R8xc7 27. e3
Rxc3 28. Rcb1 Rc2 29. Bxb5 Bxb5 30. Rxb5 Kf6 31. h4 Rd2 32. Rb8 Rcc2 33. Rab1
Rxf2 34. R1b7 g5 35. h5 g4 36. Rxh7 Rg2+ 37. Kf1 Rgf2+ 38. Kg1 Rg2+ 39. Kf1
Rgf2+ 1/2-1/2

[Event "1. liga - V 17/18, Ostrava-BSS"]
[Site ""]
[Date "2017.11.26"]
[Round "3.6"]
[White "Stepan, Patrik"]
[Black "Mrva, Marek"]
[Result "1-0"]
[WhiteElo "2141"]
[BlackElo "2214"]
[PlyCount "0"]
[WhiteTeam "BSS Frydek-Mistek "B""]
[BlackTeam "TJ Ostrava "A""]
[EventDate "2017.10.22"]

1. d4 Nf6 2. c4 c5 3. d5 e6 4. Nc3 exd5 5. cxd5 d6 6. Nf3 g6 7. Nd2 Bg7 8. e4
O-O 9. Be2 Na6 10. O-O Nc7 11. a4 b6 12. f3 Rb8 13. Nc4 Ba6 14. Bf4 Bxc4 15.
Bxc4 Re8 16. Nb5 Nxb5 17. Bxb5 Rf8 18. Qd2 Qe7 19. Bg5 Qb7 20. Rfe1 a6 21. Bc6
Qc7 22. Qe2 h6 23. Be3 Nd7 24. Bxd7 Qxd7 25. Qxa6 Bxb2 26. Rab1 Bc3 27. Rec1
Bg7 28. Rxb6 Rxb6 29. Qxb6 Qxa4 30. Qxd6 Bd4 31. Bxd4 Qxd4+ 32. Kh1 Rc8 33. Qa6
Rb8 34. h3 Rb2 35. Qc8+ Kh7 36. Qxc5 Qd2 37. Rg1 Qf4 38. Qc1 Qe5 39. Qa1 Qb8
40. d6 h5 41. e5 Re2 42. Qd4 Qd8 43. f4 Qd7 44. Rc1 Qb7 45. Rg1 Qd7 46. Qc4 Re3
47. Kh2 Qf5 48. Rd1 Re4 49. Qxe4 Qxe4 50. d7 Qxf4+ 51. Kh1 1-0

[Event "1. liga - V 17/18, Ostrava-BSS"]
[Site ""]
[Date "2017.11.26"]
[Round "3.7"]
[White "Hladik, Oto"]
[Black "Kozel, Jiri"]
[Result "1-0"]
[WhiteElo "2176"]
[BlackElo "2176"]
[PlyCount "0"]
[WhiteTeam "TJ Ostrava "A""]
[BlackTeam "BSS Frydek-Mistek "B""]
[EventDate "2017.10.22"]

1. e4 c5 2. Nf3 Nc6 3. d4 cxd4 4. Nxd4 e5 5. Nb5 d6 6. c4 Be7 7. N1c3 a6 8. Na3
f5 9. exf5 Bxf5 10. Bd3 Bxd3 11. Qxd3 Nb4 12. Qe2 Nf6 13. O-O O-O 14. Bg5 Nd7
15. Be3 Bg5 16. Rad1 Bxe3 17. Qxe3 Nc5 18. Rd2 Rf6 19. Rfd1 Qf8 20. Nab1 Rg6
21. Ne2 a5 22. Nbc3 e4 23. Nxe4 Nxe4 24. Qxe4 Re8 25. Qb1 Nc6 26. Ng3 Ne5 27.
Qe4 Kh8 28. b3 b6 29. Re2 Rg4 30. Qd5 h5 31. Qxd6 Qf4 32. Re4 Qg5 33. Rxg4 Qxg4
34. h3 Qg5 35. Kh1 h4 36. Ne4 Qf5 37. Qd5 Qf4 38. Nd6 Rf8 39. Re1 Nd7 40. Qh5+
Kg8 41. Qd5+ Kh8 42. Re4 Qf6 43. Ne8 Qd8 44. Qe6 Nc5 45. Qg6 Qd1+ 46. Kh2 Qa1
47. Qh5+ Kg8 48. Qd5+ 1-0

[Event "1. liga - V 17/18, Ostrava-BSS"]
[Site ""]
[Date "2017.11.26"]
[Round "3.8"]
[White "Stukner, Simon"]
[Black "Pacl, Vaclav"]
[Result "1/2-1/2"]
[WhiteElo "2180"]
[BlackElo "2122"]
[PlyCount "0"]
[WhiteTeam "BSS Frydek-Mistek "B""]
[BlackTeam "TJ Ostrava "A""]
[EventDate "2017.10.22"]

1. c4 c6 2. Nf3 d5 3. e3 Nf6 4. Nc3 g6 5. Be2 Bg7 6. O-O O-O 7. d4 a6 8. cxd5
cxd5 9. Bd2 Nc6 10. Rc1 Qd6 11. Na4 Ne4 12. Qb3 Nxd2 13. Nxd2 e5 14. dxe5 Nxe5
15. Nb6 Rb8 16. Nf3 Be6 17. Nd4 Nd7 18. Nxe6 fxe6 19. Nxd7 Qxd7 20. Rc2 Be5 21.
Rfc1 Rf7 22. Bg4 Rbf8 23. Qb6 Re7 24. b3 Qd6 1/2-1/2

[Event "1. liga - V 17/18, Brno-BSS"]
[Site ""]
[Date "2017.12.10"]
[Round "4.1"]
[White "Kratochvil, Josef"]
[Black "Rojicek, Vojtech"]
[Result "1/2-1/2"]
[WhiteElo "2282"]
[BlackElo "2398"]
[PlyCount "0"]
[WhiteTeam "Lokomotiva Brno A"]
[BlackTeam "BSS Frydek-Mistek "B""]
[EventDate "2017.10.22"]

1. e4 e6 2. d3 d5 3. Nd2 c5 4. Ngf3 Nc6 5. g3 Nf6 6. Bg2 Be7 7. O-O O-O 8. e5
Nd7 9. Re1 b5 10. Nf1 Bb7 11. h4 Qc7 12. Bf4 Rfc8 13. N1h2 Qd8 14. h5 h6 15.
Ng4 Bf8 16. Qd2 b4 17. c4 bxc3 18. bxc3 Ba6 19. Rad1 Rab8 20. c4 Ne7 21. Ne3
Nb6 22. Qc1 Bb7 23. g4 d4 24. Nf1 Na4 25. Ng3 Nc3 26. Rd2 Bxf3 27. Bxf3 Rb1 28.
Qxb1 Nxb1 29. Rxb1 Rb8 30. Rdb2 Rxb2 31. Rxb2 Qc8 32. Ne4 Nc6 33. Rb5 Nb4 34.
Nd6 Qa6 35. Be4 Nxa2 36. Rb8 Nc3 37. Kg2 Nxe4 38. Nxe4 Qc6 39. f3 Qc7 40. Ra8
Qb7 41. Re8 Qc6 42. Rd8 Qc7 43. Re8 1/2-1/2

[Event "1. liga - V 17/18, Brno-BSS"]
[Site ""]
[Date "2017.12.10"]
[Round "4.2"]
[White "Jasny, Stanislav"]
[Black "Ramik, Zdenek"]
[Result "1-0"]
[WhiteElo "2366"]
[BlackElo "2159"]
[PlyCount "0"]
[WhiteTeam "BSS Frydek-Mistek "B""]
[BlackTeam "Lokomotiva Brno A"]
[EventDate "2017.10.22"]

1. e4 e5 2. Nf3 d6 3. d4 exd4 4. Nxd4 Nf6 5. Nc3 Be7 6. g3 d5 7. e5 Ng4 8. Bg2
c6 9. Bf4 g5 10. e6 gxf4 11. Qxg4 Bxe6 12. Nxe6 fxe6 13. O-O-O Na6 14. Qxe6 Qd6
15. Qh3 O-O 16. Nxd5 cxd5 17. Bxd5+ Kg7 18. Bxb7 Qf6 19. Bxa8 Rxa8 20. Rhe1 Nc5
21. Rd5 Rb8 22. c3 Rd8 23. Qg4+ Kf8 24. Red1 Rxd5 25. Rxd5 Qa6 26. Qxf4+ Ke8
27. Qf5 Qf1+ 28. Kd2 Bg5+ 29. f4 Qf2+ 30. Kc1 Qe3+ 31. Kc2 Be7 32. Qh5+ Kf8 33.
Rf5+ Kg7 34. Rf7+ 1-0

[Event "1. liga - V 17/18, Brno-BSS"]
[Site ""]
[Date "2017.12.10"]
[Round "4.3"]
[White "Skliba, Martin"]
[Black "Piesik, Piotr"]
[Result "1/2-1/2"]
[WhiteElo "2265"]
[BlackElo "2374"]
[PlyCount "0"]
[WhiteTeam "Lokomotiva Brno A"]
[BlackTeam "BSS Frydek-Mistek "B""]
[EventDate "2017.10.22"]

1. d4 c5 2. d5 e5 3. e4 d6 4. Nc3 Be7 5. Nf3 Bg4 6. Be2 Bxf3 7. Bxf3 Bg5 8. O-O
Bxc1 9. Qxc1 Ne7 10. a4 O-O 11. a5 Na6 12. Be2 Nc7 13. Qd2 f5 14. exf5 Nxf5 15.
Ne4 Nd4 16. Bc4 Qh4 17. f3 Rad8 18. c3 Nf5 19. Qf2 Qh6 20. Rfe1 Rf7 21. b4 cxb4
22. cxb4 Nd4 23. Rad1 Ncb5 24. Bxb5 Nxb5 25. Rc1 Rff8 26. Qe3 Qxe3+ 27. Rxe3
Rc8 28. Ree1 h6 29. Kf2 Kf7 30. Ke3 Ke7 31. Kd3 Kd7 32. Rf1 Nc7 33. Nc3 Rf4 34.
Ne4 Rcf8 35. Kc4 a6 36. Rfd1 Rc8 37. Kb3 Nb5 38. Rxc8 Kxc8 39. Rc1+ Kd7 40. Rc4
Nd4+ 41. Kc3 Rf8 42. Kd3 Nb5 43. Ke3 Nd4 44. Rc1 Rb8 45. Nd2 Nb5 46. Nc4 Rf8
47. Nb6+ Ke7 48. Rc4 g5 49. g3 Rg8 1/2-1/2

[Event "1. liga - V 17/18, Brno-BSS"]
[Site ""]
[Date "2017.12.10"]
[Round "4.4"]
[White "Vesselovsky, Serguei"]
[Black "Dvorak, Adam"]
[Result "1-0"]
[WhiteElo "2329"]
[BlackElo "2202"]
[PlyCount "0"]
[WhiteTeam "BSS Frydek-Mistek "B""]
[BlackTeam "Lokomotiva Brno A"]
[EventDate "2017.10.22"]

1. e4 c5 2. g3 Nc6 3. Bg2 d6 4. Ne2 Bg4 5. h3 Bd7 6. d4 cxd4 7. Nxd4 Nf6 8. O-O
Qc8 9. Kh2 h5 10. Nc3 h4 11. g4 Bxg4 12. hxg4 Nxg4+ 13. Kh1 Nxd4 14. Qxd4 Ne5
15. f4 Ng6 16. Be3 Qg4 17. Qa4+ Kd8 18. Qa5+ Ke8 19. Qf5 Qh5 20. Bf3 Qh6 21.
Qb5+ Kd8 22. Qxb7 1-0

[Event "1. liga - V 17/18, Brno-BSS"]
[Site ""]
[Date "2017.12.10"]
[Round "4.5"]
[White "Kratochvil, Milan"]
[Black "Rabatin, Jakub"]
[Result "1-0"]
[WhiteElo "2217"]
[BlackElo "2283"]
[PlyCount "0"]
[WhiteTeam "Lokomotiva Brno A"]
[BlackTeam "BSS Frydek-Mistek "B""]
[EventDate "2017.10.22"]

1. e4 c5 2. c3 Nf6 3. e5 Nd5 4. d4 cxd4 5. cxd4 e6 6. Nc3 Nxc3 7. bxc3 d6 8. f4
Qc7 9. Bd2 Nc6 10. Nf3 Bd7 11. Bd3 Be7 12. O-O d5 13. Qe2 Na5 14. Rab1 b6 15.
Ng5 g6 16. Rf3 Nc4 17. Be1 a6 18. Rh3 h5 19. g4 Bxg5 20. fxg5 Bb5 21. gxh5 gxh5
22. Rxh5 O-O-O 23. h4 Na3 24. Rd1 Bxd3 25. Rxd3 Rxh5 26. Qxh5 Qc4 27. Qe2 Rg8
28. Kf1 Qa4 29. Rf3 Rg7 30. Qf2 Qb5+ 31. Kg2 Qb1 32. Rxf7 Rxf7 33. Qxf7 Qxe1
34. Qxe6+ Kc7 35. Qf7+ Kd8 36. g6 Qe2+ 37. Kg3 Qd3+ 38. Kg4 Qe4+ 39. Kg5 Qe3+
40. Kf6 Qf4+ 41. Kg7 Qxh4 42. Qf8+ 1-0

[Event "1. liga - V 17/18, Brno-BSS"]
[Site ""]
[Date "2017.12.10"]
[Round "4.6"]
[White "Novosadova, Kristyna"]
[Black "Slepov, Kyryl"]
[Result "1-0"]
[WhiteElo "2224"]
[BlackElo "2106"]
[PlyCount "0"]
[WhiteTeam "BSS Frydek-Mistek "B""]
[BlackTeam "Lokomotiva Brno A"]
[EventDate "2017.10.22"]

1. e4 c5 2. Nf3 d6 3. d4 cxd4 4. Nxd4 Nf6 5. Nc3 a6 6. Bg5 Nbd7 7. f4 e6 8. Qf3
Be7 9. O-O-O Qc7 10. g4 h6 11. Bxf6 Bxf6 12. h4 Be7 13. Bg2 Rb8 14. g5 Nf8 15.
Rhe1 Ng6 16. Nf5 exf5 17. Nd5 Qc5 18. Bh3 Kd8 19. exf5 Nxh4 20. Qe4 Be6 21.
fxe6 f5 22. gxf6 gxf6 23. f5 Qf2 24. Qg4 h5 25. Qg7 Re8 26. Nxe7 Qf4+ 27. Kb1
Rxe7 28. Qf8+ Re8 29. Qxf6+ Kc7 30. Rd4 1-0

[Event "1. liga - V 17/18, Brno-BSS"]
[Site ""]
[Date "2017.12.10"]
[Round "4.7"]
[White "Kratochvil, Karel"]
[Black "Kubik, Michael"]
[Result "0-1"]
[WhiteElo "2175"]
[BlackElo "2252"]
[PlyCount "0"]
[WhiteTeam "Lokomotiva Brno A"]
[BlackTeam "BSS Frydek-Mistek "B""]
[EventDate "2017.10.22"]

1. d4 Nf6 2. c4 d6 3. Nf3 Nbd7 4. Nc3 e5 5. e3 g6 6. b3 Bg7 7. dxe5 Ng4 8. Bb2
Ndxe5 9. Be2 O-O 10. h3 Nxf3+ 11. Bxf3 Ne5 12. Be4 Re8 13. O-O Qh4 14. f4 Nxc4
15. bxc4 Bxc3 16. Bxb7 Bxb7 17. Bxc3 Qg3 18. Rf2 Bxg2 19. Qd4 Bc6+ 20. Kf1
Qxh3+ 21. Ke2 Rxe3+ 22. Qxe3 Re8 23. Qxe8+ Bxe8 24. Bd4 Qf5 25. Rc1 Qe4+ 26.
Be3 d5 27. Rd1 Qxc4+ 28. Ke1 Qe4 0-1

[Event "1. liga - V 17/18, Brno-BSS"]
[Site ""]
[Date "2017.12.10"]
[Round "4.8"]
[White "Holeksa, Zdenek"]
[Black "Snorek, Milan"]
[Result "1-0"]
[WhiteElo "2225"]
[BlackElo "1999"]
[PlyCount "0"]
[WhiteTeam "BSS Frydek-Mistek "B""]
[BlackTeam "Lokomotiva Brno A"]
[EventDate "2017.10.22"]

1. e4 e5 2. Nf3 Nf6 3. Nxe5 d6 4. Nf3 Nxe4 5. Nc3 Nxc3 6. dxc3 Be7 7. Bf4 O-O
8. Qd2 Nd7 9. O-O-O Nc5 10. h3 Re8 11. Bc4 Be6 12. Bxe6 Nxe6 13. g4 Qd7 14. Be3
Qa4 15. Kb1 Rad8 16. g5 Qe4 17. Nd4 Nxd4 18. Bxd4 c5 19. Rhe1 Qf5 20. Be3 d5
21. h4 Bf8 22. Bf4 Rxe1 23. Rxe1 Qg4 24. Bg3 d4 25. a3 Qf3 26. Qd1 Qf5 27. Re5
Qc8 28. c4 Bd6 29. Re4 Bxg3 30. fxg3 Re8 31. Qe2 Kf8 32. h5 Qc6 33. Re5 Re6 34.
g6 hxg6 35. hxg6 Qd6 36. Qf3 Rxg6 37. Rd5 Qe7 38. Qh5 Rh6 39. Qf5 Qe6 40. Qf4
Kg8 41. Rxc5 Rh1+ 42. Ka2 Qg6 43. Rc8+ Kh7 44. Qb8 Qe4 45. Rh8+ Kg6 46. Qd6+ f6
47. Rxh1 Qxh1 48. Qxd4 f5 49. Kb3 Qc6 50. Kc3 Qc7 51. Qe3 Qa5+ 52. Kd3 Qd8+ 53.
Ke2 Qf6 54. b4 Qc6 55. Qf4 Qa4 56. Qd6+ Kg5 57. Qe7+ Kg6 58. Qe6+ Kg5 59. Qe3+
Kg6 60. Qc3 Kf7 61. b5 a6 62. Qb3 axb5 63. cxb5+ Qxb3 64. cxb3 Ke6 65. Kd3 Kd5
66. b4 g5 67. a4 Kd6 68. Kd4 Kc7 69. Ke5 f4 70. gxf4 gxf4 71. Kxf4 Kb6 72. Ke5
Ka7 73. Kd6 Kb8 74. Kd7 Ka7 75. Kc7 1-0

[Event "1. liga - V 17/18, Gordic-Ostrava"]
[Site ""]
[Date "2017.12.10"]
[Round "4.1"]
[White "Zwardon, Vojtech"]
[Black "Klima, Lukas"]
[Result "1-0"]
[WhiteElo "2408"]
[BlackElo "2311"]
[PlyCount "0"]
[WhiteTeam "SK Gordic"]
[BlackTeam "TJ Ostrava "A""]
[EventDate "2017.10.22"]

1. c4 g6 2. g3 Bg7 3. Bg2 c5 4. Nc3 Nc6 5. a3 a5 6. d3
d6 7. Nf3 e5 8. O-O Nge7 9. Ne1 O-O 10. Nc2 a4 11. Re1 Na5 12. Rb1 Nb3 13. Bg5
f6 14. Be3 Ra7 15. Na1 Nxa1 16. Nxa4 Bd7 17. Nc3 Qb6 18. b4 Rxa3 19. bxc5 Qa5
20. Nd5 Nf5 21. Bd2 Qa7 22. Bb4 Ra6 23. Nb6 Bc6 24. Rxa1 Nd4 25. Rxa6 bxa6 26.
Bd5+ Bxd5 27. cxd5 Rb8 28. Qa4 Bf8 29. Nd7 Rxb4 30. Qxb4 Qxd7 31. c6 Qf7 32.
Qb8 Nb5 33. e4 f5 34. Rb1 fxe4 35. Rxb5 Qf3 36. dxe4 1-0

[Event "1. liga - V 17/18, Gordic-Ostrava"]
[Site ""]
[Date "2017.12.10"]
[Round "4.2"]
[White "Malik, Jan"]
[Black "Piza, Vlastimil"]
[Result "1-0"]
[WhiteElo "2260"]
[BlackElo "2260"]
[PlyCount "0"]
[WhiteTeam "TJ Ostrava "A""]
[BlackTeam "SK Gordic"]
[EventDate "2017.10.22"]

1. e4 c5 2. Nf3 d6 3. d4 cxd4 4. Nxd4 Nf6 5. Nc3 a6 6.
Bc4 e6 7. Bb3 Nbd7 8. O-O Nc5 9. Re1 Be7 10. Bg5 O-O 11. Qf3 Qc7 12. Qg3 b5 13.
Bh6 Ne8 14. Bd5 Bb7 15. b4 Na4 16. Bxb7 Qxb7 17. Nxa4 bxa4 18. c3 Bf6 19. Bg5
Rc8 20. Rac1 Bxg5 21. Qxg5 Nf6 22. f3 Qb6 23. Qe3 Nd7 24. Red1 Rfd8 25. f4 Nf6
26. Re1 Rc4 27. Qg3 Rdc8 28. Kh1 Nxe4 29. Rxe4 Rxd4 30. Qe3 1-0

[Event "1. liga - V 17/18, Gordic-Ostrava"]
[Site ""]
[Date "2017.12.10"]
[Round "4.3"]
[White "Haba, Zdenek"]
[Black "Ruzicka, Petr"]
[Result "1/2-1/2"]
[WhiteElo "2170"]
[BlackElo "2219"]
[PlyCount "0"]
[WhiteTeam "SK Gordic"]
[BlackTeam "TJ Ostrava "A""]
[EventDate "2017.10.22"]

1. d4 Nf6 2. c4 c5 3. d5 b5 4. cxb5 a6 5. bxa6 Bxa6 6.
g3 d6 7. Bg2 Nbd7 8. b3 g6 9. Bb2 Bg7 10. Nh3 O-O 11. O-O Ra7 12. Re1 Qa8 13.
Nc3 Rb8 14. Qc2 Qb7 15. Rab1 Qb4 16. Nf4 Ne5 17. Na4 Nfd7 18. h4 c4 19. Bxe5
Bxe5 20. bxc4 Qxc4 21. Rxb8+ Nxb8 22. Qxc4 Bxc4 23. Nb6 Bxa2 24. Nd3 Bd4 25.
Rc1 Rb7 26. Nc4 Na6 27. Na5 Rb1 28. Nc6 Bf6 29. f4 1/2-1/2

[Event "1. liga - V 17/18, Gordic-Ostrava"]
[Site ""]
[Date "2017.12.10"]
[Round "4.4"]
[White "Mrva, Marek"]
[Black "Seidl, Stepan"]
[Result "0-1"]
[WhiteElo "2189"]
[BlackElo "2183"]
[PlyCount "0"]
[WhiteTeam "TJ Ostrava "A""]
[BlackTeam "SK Gordic"]
[EventDate "2017.10.22"]

1. e4 Nf6 2. e5 Nd5 3. Nc3 Nxc3 4. dxc3 Nc6 5. Bf4 d5
6. Qd2 Bg4 7. h3 Bh5 8. g4 Bg6 9. O-O-O e6 10. Ne2 Qd7 11. Ng3 O-O-O 12. Bd3
Be7 13. Rhe1 Na5 14. Nh5 Qa4 15. Kb1 Bxd3 16. cxd3 d4 17. Qc2 Qxc2+ 18. Kxc2 g6
19. Ng3 Nc6 20. Ne4 h5 21. Bg5 hxg4 22. Bxe7 Nxe7 23. hxg4 Nc6 24. Ng5 Rh2 25.
Rd2 Rf8 26. Re4 Kd7 27. cxd4 f5 28. exf6 Rxf6 29. f4 Nb4+ 30. Kd1 Rh1+ 31. Ke2
Nd5 32. Kf3 Nxf4 33. Kg3 Rg1+ 34. Kh4 Ng2+ 35. Kh3 Nf4+ 36. Kh4 Rf8 37. Nh7 g5+
38. Kxg5 Rf5+ 39. Kh4 Ng6+ 40. Kh3 Rf3+ 41. Kh2 Ra1 42. Ng5 Rf6 43. a3 Raf1 44.
Nh3 Nh4 45. Kg3 Ng6 46. Rf2 R6xf2 47. Nxf2 Rg1+ 48. Kf3 Kd6 49. Nh3 Rf1+ 50.
Kg3 Rd1 51. Re3 e5 52. dxe5+ Nxe5 53. Nf2 Rg1+ 54. Kf4 Rf1 55. Re2 Nxd3+ 56.
Ke3 Nxf2 57. Rxf2 Re1+ 58. Kf4 Re5 59. Rf3 Rb5 60. b3 Ke6 61. Kg3 Ra5 62. b4
Rd5 63. Kh4 a5 64. bxa5 Rxa5 65. g5 c5 66. Kh5 c4 67. Kg6 Rc5 68. Re3+ Kd5 69.
Kf6 Rc6+ 70. Kf7 c3 71. Re1 Rc7+ 72. Kf6 Rc6+ 73. Kf7 c2 74. Rc1 Kd4 75. g6 Kc3
76. g7 Rc7+ 77. Kf6 Rc8 78. Kf7 Kb2 79. Re1 c1=Q 80. Rxc1 Kxc1 81. g8=Q Rxg8
82. Kxg8 Kb2 83. Kf7 Kxa3 84. Ke6 b5 0-1

[Event "1. liga - V 17/18, Gordic-Ostrava"]
[Site ""]
[Date "2017.12.10"]
[Round "4.5"]
[White "Sedlacek, Oldrich"]
[Black "Splichal, Stanislav"]
[Result "1/2-1/2"]
[WhiteElo "2224"]
[BlackElo "2162"]
[PlyCount "0"]
[WhiteTeam "SK Gordic"]
[BlackTeam "TJ Ostrava "A""]
[EventDate "2017.10.22"]

1. Nf3 Nf6 2. c4 e6 3. g3 d5 4. Bg2 Be7 5. O-O O-O 6.
d4 Nbd7 7. Qc2 c6 8. Nbd2 b6 9. Rd1 Bb7 10. e4 c5 11. cxd5 exd5 12. e5 Ne8 13.
Nf1 cxd4 14. Nxd4 Nxe5 15. Ne3 Nf6 16. Ndf5 Re8 17. Bd2 Rc8 18. Qb3 Nc4 19. Bc3
Nxe3 20. Nxe3 Bc5 21. Nxd5 Nxd5 22. Bxd5 1/2-1/2

[Event "1. liga - V 17/18, Gordic-Ostrava"]
[Site ""]
[Date "2017.12.10"]
[Round "4.6"]
[White "Hladik, Oto"]
[Black "Walek, Petr"]
[Result "0-1"]
[WhiteElo "2188"]
[BlackElo "2167"]
[PlyCount "0"]
[WhiteTeam "TJ Ostrava "A""]
[BlackTeam "SK Gordic"]
[EventDate "2017.10.22"]

1. e4 c5 2. Nf3 g6 3. c3 Bg7 4. d4 cxd4 5. cxd4 d5 6.
e5 Bg4 7. Nc3 Nc6 8. Bb5 Nh6 9. Qa4 O-O 10. Bxc6 Bxf3 11. Bxb7 Bxg2 12. Rg1 Rb8
13. Qc6 Be4 14. Nxe4 dxe4 15. Qxe4 Nf5 16. Be3 Qa5+ 17. Bd2 Qb6 18. Bd5 Qxb2
19. Rd1 e6 20. Bb3 Nxd4 21. f4 Nxb3 22. axb3 Rxb3 23. Qc4 Rbb8 24. h4 Rfd8 25.
h5 Rd4 26. Qc6 Qb7 27. Qxb7 Rxb7 28. Rc1 Rb2 29. Rc8+ Bf8 30. Rg2 Re4+ 31. Re2
Rxe2+ 32. Kxe2 gxh5 33. Kd3 Kg7 34. f5 exf5 35. e6 Rb7 36. Bc3+ f6 37. Kc4 h4
38. Be1 Bd6 39. Kd5 h3 40. Rc3 h2 41. Rh3 Be5 42. Bg3 h1=Q+ 43. Rxh1 Bxg3 44.
Rg1 f4 0-1

[Event "1. liga - V 17/18, Gordic-Ostrava"]
[Site ""]
[Date "2017.12.10"]
[Round "4.7"]
[White "Zigo, Viktor"]
[Black "Pacl, Vaclav"]
[Result "1/2-1/2"]
[WhiteElo "2252"]
[BlackElo "2099"]
[PlyCount "0"]
[WhiteTeam "SK Gordic"]
[BlackTeam "TJ Ostrava "A""]
[EventDate "2017.10.22"]

1. e4 e6 2. d3 d5 3. Nd2 Nf6 4. Ngf3 c5 5. g3 Nc6 6.
Bg2 Be7 7. O-O O-O 8. e5 Nd7 9. Re1 b5 10. h4 Qc7 11. Qe2 Bb7 12. Nf1 Rfc8 13.
Bf4 Qd8 14. N1h2 a5 15. c3 Ba6 16. Ng5 h6 17. Nxe6 fxe6 18. Qg4 Kh7 19. Qxe6
Nb6 20. Bh3 Qg8 21. Qg4 Rf8 22. e6 Kh8 23. Bc7 Na4 24. Qh5 Rac8 25. Bf4 Nb6 26.
Bf5 Rxf5 27. Qxf5 Qh7 28. Qxh7+ Kxh7 29. Rad1 Rf8 30. Ng4 Bxh4 31. Bc7 Na8 32.
Bd6 Be7 33. Bxe7 Nxe7 34. Ne5 a4 35. d4 c4 36. Nd7 Re8 37. Nc5 Nc7 38. b3 axb3
39. axb3 Bc8 40. Ra1 Nc6 41. bxc4 dxc4 42. Rab1 Kg6 43. f4 Kf5 44. Kf2 h5 45.
d5 Nxd5 46. Rxb5 Nxc3 47. Rb6 Nd4 48. e7 Nce2 49. Nb7 Bxb7 50. Rxb7 1/2-1/2

[Event "1. liga - V 17/18, Gordic-Ostrava"]
[Site ""]
[Date "2017.12.10"]
[Round "4.8"]
[White "Trapl, Dalibor"]
[Black "Brychta, David"]
[Result "0-1"]
[WhiteElo "2143"]
[BlackElo "2150"]
[PlyCount "0"]
[WhiteTeam "TJ Ostrava "A""]
[BlackTeam "SK Gordic"]
[EventDate "2017.10.22"]

1. e4 c5 2. Nf3 e6 3. d4 cxd4 4. Nxd4 Nf6 5. Bd3 d6 6.
O-O a6 7. c4 b6 8. Nc3 Bb7 9. f4 Nbd7 10. Qe2 Qc7 11. Nf3 Rc8 12. e5 Bxf3 13.
Qxf3 dxe5 14. f5 Nc5 15. fxe6 fxe6 16. Bc2 e4 17. Qh3 Qe5 18. Nd5 Ncd7 19.
Nxf6+ Nxf6 20. Ba4+ Kf7 21. Bf4 Qf5 22. Qg3 Bc5+ 23. Kh1 Qg6 24. Bg5 Rhd8 25.
Qh4 Rd4 26. Bd1 e3 27. Bh5 Rxh4 28. Bxg6+ Kxg6 29. Bxh4 Bd4 30. Rae1 Rxc4 31.
Bxf6 gxf6 32. Re2 f5 33. g3 e5 34. Kg2 Ra4 35. b3 Ra5 36. Rc1 Rd5 37. Rc6+ Kg5
38. Kf3 e4+ 39. Kg2 f4 40. gxf4+ Kxf4 41. Rh6 Rg5+ 42. Kf1 Rg7 43. Rc6 h5 44.
Rc4 Rd7 45. Rg2 Bc5 46. Ke1 a5 47. Rcc2 h4 48. Ke2 Rf7 49. Rc1 Rh7 50. Rf1+ Ke5
51. Rg5+ Kd4 52. Rg4 Kc3 53. Rxe4 Kb2 54. a4 Kxb3 55. Rb1+ Kc2 56. Rb5 Kc3 57.
Rb1 h3 58. Rd1 Rg7 59. Rd3+ Kb2 60. Rd1 Rg2+ 61. Kd3 Rxh2 62. Rh4 Kb3 63. Rg1
Kb2 64. Rd1 Rc2 65. Rxh3 Rc3+ 66. Ke2 Rc4 67. Rh2 Rc2+ 68. Kf1 Rxh2 69. Rd2+
Rxd2 0-1